[Event "GER-ch Schools U18 Girls"]
[Site "Germany"]
[Date "2009.05.16"]
[Round "3.4"]
[White "Gregorzewski, Marie Sophie"]
[Black "Allonge, Mandy"]
[Result "1-0"]
[WhiteElo "1126"]
[BlackElo "800"]
[PlyCount "75"]
[EventDate "2009.05.16"]
[EventType "team-swiss"]
[EventRounds "7"]
[EventCountry "GER"]
[SourceTitle "EXT 2011"]
[Source "ChessBase"]
[SourceDate "2010.11.26"]
[SourceVersion "1"]
[SourceVersionDate "2010.11.26"]
[SourceQuality "1"]
[WhiteTeam "Arnstadt StG (W)"]
[BlackTeam "Pestalozzi GS (W)"]
[WhiteTeamCountry "GER"]
[BlackTeamCountry "GER"]

1. d4 Nc6 2. e3 Nf6 3. f4 d5 4. Nf3 Bf5 5. c3 e6 6. Nbd2 Be7 7. Be2 Ng4 8. 0-0 Qd7 9. Nb3 Be4 10. Ne5 Ngxe5 11. fxe5 0-0-0 12. Rxf7 g5 13. Bh5 Na5 14. Nxa5 Rde8 15. Bf3 Bg6 16. Rxe7 Rxe7 17. b4 h5 18. a4 g4 19. Be2 g3 20. h3 h4 21. Bd2 Rf8 22. Nb3 Ref7 23. Nc5 Rf2 24. Nxd7 Kxd7 25. b5 Be4 26. Bf1 b6 27. Qg4 Rxf1+ 28. Rxf1 Rxf1+ 29. Kxf1 Bd3+ 30. Ke1 c5 31. bxc6+ Kxc6 32. Qxe6+ Kb7 33. Qxd5+ Kc7 34. e6 a6 35. e7 b5 36. axb5 a5 37. e8Q a4 38. Qed8# 1-0